Miasta w woj. lubelskim - nagła śmierć - Statystyki

Ogólne statystyki
  • Ten quiz został rozwiązany 61 razy
  • Średni wynik to 18 z 28
Answers on the Grid
Answers color-coded by a green-red scale on the quiz's grid according to % correct below.
Lublin
Chełm
Zamość
Biała Podlaska
Puławy
Łuków
Parczew
Lubartów
Radzyń Podlaski
Opole Lubelskie
Kazimierz Dolny
Dęblin
Ryki
Hrubieszów
Tomaszów Lubelski
Janów Lubelski
Biłgoraj
Kraśnik
Świdnik
Łęczna
Krasnystaw
Włodawa
Nałęczów
Bychawa
Krasnobród
Zwierzyniec
Rejowiec Fabryczny
Międzyrzec Podlaski
Sandomierz
Opatów
Lipsko
Zwoleń
Kozienice
Siemiatycze
Lubaczów
Leżajsk
Nisko
Stalowa Wola
Przemyśl
Świdnica
Siedlce
Łosice
Garwolin
Przeworsk
 
Statystyki odpowiedzi
Odpowiedź % Poprawnych
Biłgoraj
84%
Lublin
79%
Opole Lubelskie
79%
Świdnik
79%
Chełm
74%
Hrubieszów
74%
Krasnystaw
74%
Puławy
74%
Kraśnik
71%
Zamość
71%
Janów Lubelski
68%
Kazimierz Dolny
68%
Łęczna
68%
Lubartów
68%
Nałęczów
66%
Włodawa
66%
Ryki
63%
Biała Podlaska
61%
Dęblin
61%
Tomaszów Lubelski
61%
Międzyrzec Podlaski
58%
Parczew
58%
Zwierzyniec
58%
Bychawa
55%
Łuków
55%
Krasnobród
53%
Rejowiec Fabryczny
50%
Radzyń Podlaski
47%
Nie znaleziono quizów pasujących do podanych kryteriów
Rozkład punktacji
Procent ludzi z każdym wynikiem
Percentyl według liczby udzielonych odpowiedzi
Twoja historia wyników
Nie rozwiązałeś tego quizu